[Event "POR-chT2"]
[Site "Portugal"]
[Date "2005.03.26"]
[Round "?"]
[White "Silva, Pedro"]
[Black "Marques, Gil Filipe"]
[Result "1/2-1/2"]
[WhiteElo "2026"]
[BlackElo "1860"]
[PlyCount "103"]
[EventDate "2005.01.??"]
[EventType "team"]
[EventRounds "7"]
[EventCountry "POR"]
[SourceTitle "EXT 2006"]
[Source "ChessBase"]
[SourceDate "2005.11.24"]
[SourceVersion "1"]
[SourceVersionDate "2005.11.24"]
[SourceQuality "1"]

1. d4 d5 2. c4 e6 3. Nc3 Nf6 4. cxd5 exd5 5. Bg5 Be7 6. e3 Nbd7 7. Nf3 0-0 8. Qc2 c6 9. Bd3 Re8 10. 0-0 Nf8 11. Rfe1 Ng6 12. h3 Be6 13. Nh2 Nh5 14. Bxe7 Rxe7 15. f4 Bd7 16. g4 Nf6 17. Nf3 Ne8 18. Ne5 Nf8 19. Kh2 f6 20. Nf3 Nd6 21. g5 f5 22. Ne5 Ne4 23. Na4 Ne6 24. a3 Be8 25. b4 Rc8 26. Nc5 N6xc5 27. bxc5 b6 28. Bxe4 dxe4 29. Rab1 b5 30. Qc3 a5 31. Re2 a4 32. Kg3 Bf7 33. h4 Be6 34. Rh1 Bb3 35. Kf2 Bd5 36. Rg1 Bb3 37. h5 Qc7 38. Rh1 Kh8 39. Ng6+ Kg8 40. Nxe7+ Qxe7 41. Rb1 Bd5 42. Qa5 Qc7 43. Qc3 Rb8 44. Kg3 Qd8 45. Rg1 Qc7 46. Kf2 Qd8 47. Kf1 Qc7 48. Qd2 Qd8 49. Re1 Bc4+ 50. Kg2 Bd5 51. Kh1 Qc7 52. Rc1 1/2-1/2